| 000 | 00610nam a22001937a 4500 | ||
|---|---|---|---|
| 005 | 20251108173317.0 | ||
| 008 | 250721s1994 xx 000 0 ara d | ||
| 082 | 1 | 4 | _a927/خال |
| 100 | 1 | _aالخالدي، غازي | |
| 245 | 1 | 0 | _aسعيد تحسين عندما يصبح الفن .. تاريخا / |
| 264 | 1 |
_aدمشق : _bوزارة الثقافة السورية، _c1994. |
|
| 300 | _a287 ص. | ||
| 490 | 0 |
_aسلسلة أعلام الفن التشكيلي _v6 |
|
| 650 | 1 | 7 | _aالفنانون |
| 650 | 1 | 7 | _aسورية |
| 650 | 1 | 7 | _aالفن التشكيلي |
| 942 |
_2ddc _cBK |
||
| 999 |
_c100956 _d100956 |
||